De cómo nuestro suelo no es tan pobre como se quiere decir / (Record no. 152465)

MARC details
000 -LEADER
campo de control de longitud fija 01369nam a2200229 i 4500
001 - NÚMERO DE CONTROL
campo de control 152465
003 - IDENTIFICADOR DE NÚMERO DE CONTROL
campo de control ES-MaACL
005 - FECHA Y HORA DE LA ÚLTIMA TRANSACCIÓN
campo de control 20231224062930.0
008 - DATOS DE LONGITUD FIJA--INFORMACIÓN GENERAL
campo de control de longitud fija 971016s1882 sp |||| | spa d
100 1# - ENTRADA PRINCIPAL--NOMBRE DE PERSONA
Nombre de persona Botella y de Hornos, Federico de,
Fechas asociadas al nombre 1822-1899
9 (RLIN) 30760
245 00 - MENCIÓN DEL TÍTULO
Título De cómo nuestro suelo no es tan pobre como se quiere decir /
Mención de responsabilidad, etc. Federico de Botella y de Hornos.
260 ## - PUBLICACIÓN, DISTRIBUCIÓN, ETC.
Lugar de publicación, distribución, etc. [Madrid :
Nombre del editor, distribuidor, etc. Boletín de la Sociedad Geográfica,
Fecha de publicación, distribución, etc. 1882?]
300 ## - DESCRIPCIÓN FÍSICA
Extensión 13 p. ;
Dimensiones 24 cm.
594 ## - Nota al título y mención de responsabilidad
Nota al título y mención de responsabilidad Ejempl. sin port., datos tomados de la 1ª p.; el autor firma a fin del texto.
594 ## - Nota al título y mención de responsabilidad
Nota al título y mención de responsabilidad Precede al principio del texto: Boletín de la Sociedad Geográfica de Madrid, sesión del 4 de abril de 1882.
650 #4 - PUNTO DE ACCESO ADICIONAL DE MATERIA--TÉRMINO DE MATERIA
Término de materia o nombre geográfico como elemento de entrada Suelo agrícola-
Subdivisión geográfica España.
9 (RLIN) 152028
710 2# - ENTRADA AGREGADA--NOMBRE DE ENTIDAD CORPORATIVA
Nombre de entidad corporativa o nombre de jurisdicción como elemento de entrada Sociedad Geográfica de Madrid.
9 (RLIN) 6775
852 ## - LOCALIZACIÓN
Ubicación ES-MaACL
Número de control de estantería B-7464 (7)
Nota libre - Enc. hol. con puntas
-- - Enc. en un vol. facticio
-- - Legado de Federico de Botella y de Hornos
852 ## - LOCALIZACIÓN
Ubicación ES-MaACL
Número de control de estantería B-7464 (10)
Nota libre - Enc. hol. con puntas, falto de la enc. original
-- - Enc. en un vol. facticio
-- - Legado de Federico de Botella y de Hornos
852 ## - LOCALIZACIÓN
Ubicación ES-MaACL
Número de control de estantería B-8927(14)
Nota libre - Enc. en un vol. facticio, agrupado con el nombre en el lomo "España, geología, memorias y documentos varios 41 al 56"
-- - Legado de Federico de Botella y de Hornos
Holdings
Estatus retirado Estado de pérdida Estado de daño No para préstamo Colección Biblioteca de origen Biblioteca actual Ubicación en estantería Fecha de adquisición Fuente de adquisición Total de préstamos Signatura topográfica completa Código de barras Visto por última vez Precio de reemplazo Tipo de ítem Koha
        Libros del s. XIX Biblioteca del Ateneo de Madrid Biblioteca del Ateneo de Madrid Sala Pardo Bazán 30/05/2019     B-8927(14) 1200679 23/02/2023 23/02/2023 Libro impreso antiguo
        Libros del s. XIX Biblioteca del Ateneo de Madrid Biblioteca del Ateneo de Madrid Sala Pardo Bazán 17/01/2008     B-7464(7) 1159205 23/02/2023 23/02/2023 Libro impreso antiguo
        Libros del s. XIX Biblioteca del Ateneo de Madrid Biblioteca del Ateneo de Madrid Sala Pardo Bazán 17/01/2008     B-7464(10) 1159206 23/02/2023 23/02/2023 Libro impreso antiguo